000 00623nam a2200193Ia 4500
003 GCL
005 20240530104919.0
008 140319s9999 xx 000 0 ara d
040 _aGCL /
_cGCL
082 0 4 _a811.009
_bج ا
100 0 _aجرجس نسيم ناصيف
245 1 0 _aابوالقاسم الشابى فى شعره /
_cجرجس نسيم ناصيف
300 _a168 ص
490 _aالهيئة العامة للاستعلامات
_v0
650 0 4 _aالشعر العربى
650 0 4 _aابوالقاسم الشابى
650 0 4 _aالشعر العربى - دواوين وقصائد
942 _2ddc
_cBK
999 _c51740
_d51740